Regions Of France Quiz - Statistics

General Stats
  • This quiz has been taken 17 times
  • The average score is 18 of 26
Answer Stats
Region Type Region % Correct
Region Île-de-France
100%
Region Brittany
92%
Overseas Region French Guiana
92%
Region Normandy
92%
Region Grand Est
83%
Region Bourgogne-Franche-Comté
75%
Region Corsica
75%
overseas collectivity French Polynesia
75%
Overseas Region Guadeloupe
75%
sui generis collectivity New Caledonia
75%
Region Nouvelle-Aquitaine
75%
Region Occitanie
75%
Region Provence-Alpes-Côte d'Azur
75%
Region Auvergne-Rhône-Alpes
67%
Region Centre-Val de Loire
67%
Overseas Region Martinique
67%
Overseas Region Mayotte
67%
Region Pays de la Loire
67%
Overseas Region Réunion
67%
overseas collectivity Saint Martin
67%
overseas collectivity Saint Pierre and Miquelon
58%
Region Hauts-de-France
50%
overseas collectivity Saint Barthélemy
42%
overseas collectivity Wallis and Futuna
42%
sui generis collectivity Clipperton Island
33%
overseas territory French Southern and Antarctic Lands
17%
No matching quizzes found
Score Distribution
Percent of People with Each Score
Percentile by Number Answered
Your Score History
You have not taken this quiz